LEADER 00695nam a2200181 i 4500 001 000000211597 003 CaOOAMICUS 005 20260401161244.0 008 120307n it u000 u mul u 040 $aSeMil$bita 245 10$a2: Italiano - Spagnolo. 300 $aXX, 1289 p. 773 0 $aAmbruzzi, Lucio$tNuovo dizionario spagnolo-italiano e italiano-spagnolo.$dTorino : Paravia, 1973.$b7. ed. accresciuta, aggiornata e corretta.$g2$w()26413 850 $aSeMil 852 $aSeMil$W1$xVenegono$y1$m1P V 10/2$j269572$B162037$CSeMilBibl$Z2$F175940 $81 961 $aOmaggio: De Grandi don Marcello 996 $6245$a2: Italiano - Spagnolo$9(OLS)http://semarc/title/458959